00317nam a2200145Ia 4500008004000000041000800040082001100048100001400059245003400073260001800107650001300125650001500138650001000153650000800163210210b1932 xxu||||| |||| 00| 0 eng d aeng a887/26 aKULAKARNI aSanskrit drama and dramatists aPUnab-c1932 aSanskrit adramatists adrama aand